Business venture : (Record no. 2130)

MARC details
000 -LEADER
fixed length control field 00637nam a2200193 ar4500
001 - CONTROL NUMBER
control field 2132
005 - DATE AND TIME OF LATEST TRANSACTION
control field 20221127090352.0
008 - FIXED-LENGTH DATA ELEMENTS--GENERAL INFORMATION
fixed length control field 090610 xxka 00010|eng d
020 ## - INTERNATIONAL STANDARD BOOK NUMBER
International Standard Book Number 9780194572392(bk 1) :
Terms of availability SR28.00
020 ## - INTERNATIONAL STANDARD BOOK NUMBER
International Standard Book Number 9780194573276(bk 2) :
Terms of availability SR28.00
082 04 - DEWEY DECIMAL CLASSIFICATION NUMBER
Classification number 428.2402465
Item number Z4 2000
100 1# - MAIN ENTRY--PERSONAL NAME
Personal name Zemach, Dorothy E.
245 10 - TITLE STATEMENT
Title Business venture :
Remainder of title teacher's guide /
Statement of responsibility, etc. Dorothy Zemach.
250 ## - EDITION STATEMENT
Edition statement New ed.
260 ## - PUBLICATION, DISTRIBUTION, ETC.
Place of publication, distribution, etc. London ;
-- New York :
Name of publisher, distributor, etc. Oxford University Press,
Date of publication, distribution, etc. 2000.
300 ## - PHYSICAL DESCRIPTION
Extent v. :
Other physical details ill. ;
Dimensions 27cm.
650 #4 - SUBJECT ADDED ENTRY--TOPICAL TERM
Topical term or geographic name entry element English language
General subdivision Business English.
650 #4 - SUBJECT ADDED ENTRY--TOPICAL TERM
Topical term or geographic name entry element English language
Form subdivision Textbooks for foreign speakers.
Holdings
Withdrawn status Lost status Source of classification or shelving scheme Damaged status Not for loan Home library Current library Date acquired Total Checkouts Full call number Barcode Date last seen Copy number Price effective from Koha item type
              11/27/2022   428.2402465 Z4 2000 1000000009241 11/27/2022 C1 11/27/2022 Book
              11/27/2022   428.2402465 Z4 2000 1000000009240 11/27/2022 C2 11/27/2022 Book